|
|
|
|
| LEADER |
00000nas a2200000 a 4500 |
| 001 |
ssj0000578895 |
| 003 |
WaSeSS |
| 005 |
20200512172242.0 |
| 006 |
m d |
| 007 |
cr n |
| 008 |
120123c20119999ii sr p s 0 0eng c |
| 010 |
|
|
|a 2012252064
|
| 022 |
|
|
|a 2249-0213
|l 2249-0213
|
| 035 |
|
|
|a (WaSeSS)ssj0000578895
|
| 040 |
|
|
|a WAU
|b eng
|c WAU
|d OCLCQ
|d OCLCF
|d CUS
|d OCLCO
|d OCLCQ
|d NTG
|d AU@
|d U3W
|d WaSeSS
|
| 042 |
|
|
|a pcc
|
| 050 |
1 |
4 |
|a Z671
|
| 210 |
1 |
|
|a Int. res. : j. lib. inf. sci.
|
| 222 |
|
0 |
|a International research : journal of library and information science
|
| 245 |
0 |
0 |
|a International research
|h [electronic resource] :
|b journal of library and information science.
|
| 246 |
1 |
|
|a IRJLIS
|
| 246 |
1 |
|
|a IR
|
| 260 |
|
|
|a Aligarh :
|b IRJLIS
|
| 310 |
|
|
|a Semiannual
|
| 362 |
1 |
|
|a Began with: Vol. 1, no. 1 (June 2011).
|
| 506 |
|
|
|a License restrictions may limit access.
|
| 588 |
|
|
|a Description based on: Vol. 1, no. 1 (June 2011); title from journal home page (publisher's Web site, viewed Jan. 20, 2012).
|
| 588 |
|
|
|a Latest issue consulted: Vol. 1, no. 2 (Dec. 2011) (publisher's Web site, viewed Jan. 20, 2012).
|
| 650 |
|
0 |
|a Library science
|v Periodicals.
|
| 650 |
|
0 |
|a Information science
|v Periodicals.
|
| 650 |
|
7 |
|a Information science.
|2 fast
|0 (OCoLC)fst00972640
|
| 650 |
|
7 |
|a Library science.
|2 fast
|0 (OCoLC)fst00997916
|
| 650 |
1 |
7 |
|a Bibliotheekwetenschap.
|2 gtt
|
| 650 |
1 |
7 |
|a Informatiewetenschap.
|2 gtt
|
| 655 |
|
0 |
|a Electronic journals.
|
| 856 |
4 |
0 |
|z Full text available from Research Library: 06/01/2011 to present
|u https://search.proquest.com/publication/1246355
|